[Event "AUTO-ADV-1706"]
[Site "http://www.queenalice.com/game.php?id=752717"]
[Date "2010.3.28"]
[Round "1"]
[White "Garuzinho"]
[Black "sh_sla"]
[Result "0-1"]
[WhiteElo "1560"]
[BlackElo "1913"]

1. e4 e5 2. Nf3 d6 3. Nc3 f5 4. exf5 Bxf5 5. Bc4 Nf6 6. O-O Bg4 7. h3 Bh5 8. Re1
Be7 9. d3 a6 10. Bg5 h6 11. Bxf6 Bxf6 12. Nd5 b5 0-1

[Event "AUTO-ADV-1706"]
[Site "http://www.queenalice.com/game.php?id=752718"]
[Date "2010.3.28"]
[Round "1"]
[White "sh_sla"]
[Black "Garuzinho"]
[Result "1-0"]
[WhiteElo "1915"]
[BlackElo "1558"]

1. e4 e5 2. Bc4 Bc5 3. d3 Nf6 4. Bg5 Nc6 5. f4 exf4 6. Bxf4 h6 7. Nf3 O-O 8. d4
Bb4+ 9. c3 Be7 10. e5 Ne4 11. O-O d6 12. d5 Nxe5 13. Nxe5 1-0

[Event "AUTO-ADV-1706"]
[Site "http://www.queenalice.com/game.php?id=752719"]
[Date "2010.3.28"]
[Round "1"]
[White "Garuzinho"]
[Black "gipmachado"]
[Result "0-1"]
[WhiteElo "1442"]
[BlackElo "1826"]

1. e4 e5 2. Nf3 Nc6 3. Nc3 Nf6 4. d3 Bc5 5. Bg5 h6 6. Bxf6 Qxf6 7. Be2 O-O 8.
O-O d6 9. h3 Be6 10. a3 Qf4 11. Nd5 Bxd5 12. exd5 Nd4 13. Nxd4 Bxd4 14. c3 Bb6
15. Bf3 f5 16. Re1 Rae8 17. Qc2 g5 18. Rad1 g4 19. hxg4 fxg4 20. Re4 Qf7 21.
Rxg4+ Kh8 22. Qd2 Qf6 23. Kf1 h5 24. Rc4 h4 25. Ke2 h3 26. gxh3 Qxf3+ 27. Kf1
Qxf2+ 28. Qxf2 Rxf2+ 29. Kg1 Rd2+ 30. Kf1 Rxd1+ 0-1

[Event "AUTO-ADV-1706"]
[Site "http://www.queenalice.com/game.php?id=752720"]
[Date "2010.3.28"]
[Round "1"]
[White "gipmachado"]
[Black "Garuzinho"]
[Result "1-0"]
[WhiteElo "1737"]
[BlackElo "1599"]

1. e4 e5 2. Nf3 d6 3. d4 Nc6 4. dxe5 Nxe5 5. Nxe5 dxe5 6. Qxd8+ Kxd8 7. Bc4 Bb4+
8. c3 Bc5 9. Bxf7 Nf6 10. Nd2 Bd7 11. O-O g6 12. Kh1 a6 13. f3 Rf8 14. Bb3 Bc6
15. Nc4 Re8 16. Bg5 Ke7 17. Nxe5 Rad8 18. Nxc6+ Kf8 19. Nxd8 Rxd8 20. Bxf6 Rd2
21. Rab1 h5 22. Rfd1 1-0

[Event "Challenge"]
[Site "http://www.queenalice.com/game.php?id=755182"]
[Date "2010.4.2"]
[Round "-"]
[White "thiagobrumchess"]
[Black "Garuzinho"]
[Result "1-0"]
[WhiteElo "1661"]
[BlackElo "1529"]

1. Nf3 Nf6 2. d4 d5 3. c4 c6 4. Nc3 e6 5. b3 Bd6 6. e3 O-O 7. Qc2 h6 8. Bd3 Bd7
9. O-O Re8 10. Re1 Qe7 11. a4 Na6 12. Na2 Bb4 13. Bd2 Bxd2 14. Qxd2 Qd6 15. Rab1
Re7 16. Qc2 Nb4 17. Nxb4 a5 18. Na2 b6 19. b4 axb4 20. Nxb4 c5 21. Na2 Bxa4 22.
Qb2 Rb7 23. e4 dxc4 24. e5 1-0

[Event "BRASIL"]
[Site "http://www.queenalice.com/game.php?id=764576"]
[Date "2010.4.22"]
[Round "2"]
[White "Garuzinho"]
[Black "polly"]
[Result "0-1"]
[WhiteElo "1518"]
[BlackElo "1568"]

1. e4 e5 2. Nf3 Nc6 3. Nc3 Nf6 4. Nxe5 Nxe5 5. d4 Ng6 6. e5 Bb4 7. exf6 Qxf6 8.
Bc4 O-O 9. O-O Bxc3 10. Rb1 Bxd4 11. Be3 Be5 12. h3 d6 13. c3 Be6 14. Bxe6 Qxe6
15. Re1 f5 16. a4 f4 17. Bd4 f3 18. Bxe5 Nxe5 19. g3 Qxh3 0-1

[Event "AUTO-INT-1683"]
[Site "http://www.queenalice.com/game.php?id=766629"]
[Date "2010.4.26"]
[Round "1"]
[White "hooligan"]
[Black "Garuzinho"]
[Result "1-0"]
[WhiteElo "1409"]
[BlackElo "1597"]

1. e4 e5 2. d3 Nc6 3. a3 d6 4. g3 Nf6 5. h3 h6 6. Nc3 Be6 7. a4 Be7 8. Nb5 O-O
9. g4 Re8 10. g5 hxg5 11. h4 gxh4 12. Bg5 a6 13. Nc3 Nh7 14. Be3 1-0

[Event "AUTO-INT-1683"]
[Site "http://www.queenalice.com/game.php?id=766630"]
[Date "2010.4.26"]
[Round "1"]
[White "Garuzinho"]
[Black "hooligan"]
[Result "0-1"]
[WhiteElo "1573"]
[BlackElo "1433"]

1. e4 e5 2. Nf3 d6 3. h3 Nf6 4. Bc4 a6 5. O-O b5 6. Bd5 c6 7. Bb3 Nxe4 8. d3 Nc5
9. Nc3 a5 10. a3 a4 11. Ba2 h6 12. Re1 g5 13. Be3 Ncd7 14. Ne4 b4 0-1

[Event "AUTO-INT-1683"]
[Site "http://www.queenalice.com/game.php?id=766657"]
[Date "2010.4.26"]
[Round "1"]
[White "Garuzinho"]
[Black "Milton"]
[Result "0-1"]
[WhiteElo "1551"]
[BlackElo "1410"]

1. e4 e5 2. Nf3 Nc6 3. Nc3 Bc5 4. Bb5 Qf6 5. O-O Nge7 6. d3 d6 7. h3 O-O 8. Bg5
Qg6 9. Bxc6 Nxc6 10. Re1 b6 11. a3 Nd4 12. Nxd4 Bxd4 13. Qd2 h6 14. Be3 Bxh3 15.
Kf1 Bxg2+ 16. Ke2 Qg4+ 17. f3 Qxf3# 0-1

[Event "AUTO-INT-1683"]
[Site "http://www.queenalice.com/game.php?id=766658"]
[Date "2010.4.26"]
[Round "1"]
[White "Milton"]
[Black "Garuzinho"]
[Result "1-0"]
[WhiteElo "1483"]
[BlackElo "1481"]

1. e4 e5 2. Bc4 Nf6 3. d3 Bc5 4. Bg5 O-O 5. Nc3 Bb4 6. Ne2 h6 7. Bxf6 Qxf6 8. d4
Nc6 9. d5 Bxc3+ 10. Nxc3 Na5 11. Qd3 d6 12. O-O a6 13. Rae1 b5 14. Bb3 Rb8 15.
h3 Nc4 16. Bxc4 bxc4 17. Qxc4 Qg6 18. Qxc7 Rxb2 19. Re2 1-0

[Event "AUTO-OPEN-1810"]
[Site "http://www.queenalice.com/game.php?id=772283"]
[Date "2010.5.7"]
[Round "2"]
[White "Garuzinho"]
[Black "razoman"]
[Result "0-1"]
[WhiteElo "1599"]
[BlackElo "1953"]

1. e4 c5 2. Bc4 e6 3. e5 d5 4. exd6 Bxd6 5. Nf3 Nf6 6. Nc3 O-O 7. h3 Nc6 8. O-O
a6 9. d3 b5 10. Bb3 Nd4 11. Bg5 h6 12. Bxf6 Qxf6 13. Ne4 Qe7 14. c3 Nxb3 0-1

[Event "AUTO-OPEN-1810"]
[Site "http://www.queenalice.com/game.php?id=772284"]
[Date "2010.5.7"]
[Round "2"]
[White "razoman"]
[Black "Garuzinho"]
[Result "1-0"]
[WhiteElo "1951"]
[BlackElo "1601"]

1. e4 e5 2. Nf3 Nf6 3. Bd3 Nc6 4. c3 Bc5 5. O-O O-O 6. Bc2 d5 7. d3 h6 8. b4 Bb6
9. b5 Na5 10. exd5 Qxd5 11. c4 Qe6 12. Nc3 Bd4 13. Nxd4 exd4 14. Ne2 b6 15. Nxd4
1-0